000 00522nam a22001817a 4500
942 _cBK
999 _c292
_d292
005 20250420134804.0
008 200106b ||||| |||| 00| 0 eng d
020 _a9781793136824
040 _cKCST
082 _a616.891
_bWa Co
100 _aWallace, Beck
_91036
245 _aCognitive behavioral therapy:
_bCBT for anxiety, depression and anger /
_cBeck Wallace
260 _a[not identified]:
_bIndependently published;
_c2018.
300 _a138 p.
650 _aBehaviour therapy.
_91037
942 _2ddc